000 00495nam a22001937a 4500
003 JO-AjAnu
005 20240806091512.0
008 240806b jo ||||| |||| 00| 0 ara d
020 _a9781260084481
040 _aJO-AjAnu
_beng
_cJO-AjAnu
041 _heng
100 _aDavid C. Nieman
_eAuthor
_966115
245 _aNutritional Assessment
_c/ David C. Nieman
250 _a7 edition
260 _bMcGraw Hill :
_c2019
300 _a479 pages
650 _vNutrition
942 _2lcc
_cBK
_n0
999 _c33626
_d33626